Statistics for NBA Playoffs High by Season

Click here to take the quiz!

General Stats

  • This quiz has been taken 24 times
    (3 since last reset)
  • The average score is 34 of 51

Answer Stats

Player % Correct
Donovan Mitchell
100%
Paul Pierce
100%
Moses Malone
100%
Jerry West
100%
Kevin Durant
100%
Wilt Chamberlain
100%
Larry Bird
100%
Charles Barkley
100%
Michael Jordan
100%
Bob Pettit
100%
Bob Cousy
100%
Tim Duncan
100%
Kareem Abdul-Jabbar
100%
Karl Malone
100%
Allen Iverson
100%
Steve Nash
100%
Damian Lillard
100%
LeBron James
100%
Isaiah Thomas
100%
Paul Millsap
100%
James Harden
100%
Stephen Curry
100%
Dirk Nowitzki
100%
Dwyane Wade
100%
Ray Allen
100%
Kobe Bryant
100%
Elgin Baylor
67%
Sam Jones
67%
Rick Barry
67%
Gail Goodrich
67%
John Havlicek
67%
George Mikan
67%
Alex English
67%
Shaquille O'Neal
67%
George Gervin
67%
Bernard King
33%
Dolph Schayes
33%
Scottie Pippen
33%
Bob McAdoo
33%
Rolando Blackman
33%
Adrian Dantley
33%
Zelmo Beaty
0%
Sleepy Floyd
0%
Cliff Hagan
0%
Billy Cunningham
0%
Slick Leonard
0%
Neil Johnston
0%
Bill Sharman
0%
Andrew Toney
0%
Calvin Murphy
0%
Fred Brown
0%

Score Distribution

Percentile by Number Answered

Percent of People with Each Score

Your Score History

You have not taken this quiz since the last reset